[Event "Helmut Kohls It"]
[Site "Dortmund GER"]
[Date "2010.07.15"]
[Round "1"]
[White "Schaefer,Mark"]
[Black "Saltaev,M"]
[Result "1-0"]
[WhiteElo "2382"]
[BlackElo "2495"]
[EventDate "2010.07.15"]

1. e4 c6 2. d4 d5 3. Nd2 dxe4 4. Nxe4 Bf5 5. Nc5 Qc7 6. Bd3 Bg6 7. Nf3 e6
8. Bxg6 hxg6 9. Nd3 Nd7 10. Qe2 Ngf6 11. Bf4 Qa5+ 12. c3 Qd5 13. O-O Nh5
14. Bd2 Bd6 15. Nde5 Nhf6 16. Rfe1 Bxe5 17. dxe5 Ng4 18. c4 Qc5 19. b4 Qb6
20. h3 Nh6 21. Bg5 a5 22. a3 Nf5 23. Rad1 Qc7 24. g4 Ne7 25. Bxe7 Kxe7 26.
Ng5 axb4 27. axb4 Ra3 28. Kg2 c5 29. b5 Rha8 30. Qe4 Nb6 31. Qf4 Rf8 32.
Ne4 Nxc4 33. Nd6 Nb6 34. Qg5+ 1-0

[Event "Helmut Kohls It"]
[Site "Dortmund GER"]
[Date "2010.07.15"]
[Round "1"]
[White "Schmittdiel,E"]
[Black "Zelbel,P"]
[Result "1/2-1/2"]
[WhiteElo "2485"]
[BlackElo "2345"]
[EventDate "2010.07.15"]

1. Nf3 Nf6 2. c4 g6 3. b4 Bg7 4. Bb2 O-O 5. e3 d6 6. Be2 e5 7. Nc3 Re8 8.
d3 c6 9. O-O Na6 10. a3 Nc7 11. Rc1 h6 12. Qc2 Qe7 13. Ne4 Bg4 14. h3 Bxf3
15. Nxf6+ Bxf6 16. Bxf3 a6 17. g3 Red8 18. Bg2 d5 19. Kh2 Bg7 20. f4 f5 21.
Rfe1 e4 22. Bxg7 Qxg7 23. cxd5 exd3 24. Qxd3 Nxd5 25. e4 fxe4 26. Qxe4 Nf6
27. Qc2 Re8 28. a4 Rxe1 29. Rxe1 Re8 30. Rxe8+ Nxe8 31. b5 axb5 32. axb5
cxb5 33. Qb3+ Kh7 34. Qxb5 Nd6 35. Qc5 Qd7 36. g4 Nf7 37. Bd5 Qd6 38. Qd4
g5 39. Qe4+ Kg7 40. Bxf7 Kxf7 41. Qxb7+ Kf6 42. Qb2+ Kf7 43. Qb3+ Kf8
1/2-1/2

[Event "Helmut Kohls It"]
[Site "Dortmund GER"]
[Date "2010.07.15"]
[Round "1"]
[White "Webb,L"]
[Black "Kotainy,J"]
[Result "1/2-1/2"]
[WhiteElo "2313"]
[BlackElo "2299"]
[EventDate "2010.07.15"]

1. e4 e6 2. d4 d5 3. e5 c5 4. c3 Qb6 5. Nf3 Nc6 6. a3 Nh6 7. b4 cxd4 8.
cxd4 Nf5 9. Be3 f6 10. exf6 gxf6 11. Bd3 Nxe3 12. fxe3 Bh6 13. Qe2 Bd7 14.
O-O O-O 15. Nc3 Ne7 16. Kh1 Rac8 17. Nd1 Bg7 18. Nh4 e5 19. Nf5 Bxf5 20.
Bxf5 Nxf5 21. Rxf5 Qe6 22. Qf3 exd4 23. exd4 Qe1+ 24. Qf1 Qxf1+ 25. Rxf1
Rfe8 26. Nf2 f5 27. Rad1 Rc4 28. g4 Rxd4 29. gxf5 Rxd1 30. Rxd1 d4 31. Nd3
Kf7 32. Nc5 Re2 33. Nxb7 Be5 34. Nd8+ Kf6 35. Nc6 Rxh2+ 36. Kg1 Ra2 37.
Nxa7 Rxa3 38. Nc6 Kxf5 39. Nxd4+ Ke4 40. Nc6 Bf4 41. b5 Be3+ 42. Kg2 Ra2+
43. Kh3 Rb2 1/2-1/2

[Event "Helmut Kohls It"]
[Site "Dortmund GER"]
[Date "2010.07.17"]
[Round "2"]
[White "Saltaev,M"]
[Black "Mladenov,Sv"]
[Result "1/2-1/2"]
[WhiteElo "2495"]
[BlackElo "2463"]
[EventDate "2010.07.15"]

1. e4 c5 2. Nf3 d6 3. d4 cxd4 4. Nxd4 Nf6 5. Nc3 a6 6. Be2 e6 7. a4 Nc6 8.
O-O Be7 9. Be3 O-O 10. f4 Qc7 11. Nb3 b6 12. Qe1 Rb8 13. Qg3 Nd7 14. Rad1
Bf6 15. Rd2 Nc5 16. Nxc5 bxc5 17. e5 dxe5 18. Ne4 Be7 19. b3 f5 20. Nxc5
exf4 21. Qxf4 e5 22. Qc4+ Kh8 23. Ne6 Bxe6 24. Qxe6 Nd4 25. Qxa6 Bb4 26.
Rxd4 exd4 27. Bf4 Qc5 28. Bd3 Rbe8 29. Qc4 Qe7 30. Qd5 Qf6 31. a5 Rd8 32.
Qe5 Qxe5 33. Bxe5 Rd5 34. Bc7 Bxa5 35. Bc4 Bxc7 1/2-1/2

[Event "Helmut Kohls It"]
[Site "Dortmund GER"]
[Date "2010.07.17"]
[Round "2"]
[White "Kotainy,J"]
[Black "Schmittdiel,E"]
[Result "1/2-1/2"]
[WhiteElo "2299"]
[BlackElo "2485"]
[EventDate "2010.07.15"]

1. e4 c5 2. Nf3 Nc6 3. d4 cxd4 4. Nxd4 Nf6 5. Nc3 e6 6. Ndb5 d6 7. Bf4 e5
8. Be3 a6 9. Na3 b5 10. Nd5 Rb8 11. c4 b4 12. Nc2 Nxe4 13. Qf3 f5 14. Bd3
Ng5 15. Bxg5 Qxg5 16. h4 e4 17. hxg5 exf3 18. gxf3 g6 19. O-O-O Bg7 20. c5
dxc5 21. f4 Nd4 22. Nc7+ Kd7 23. Nxa6 Bxa6 24. Bxa6 Rb6 25. Bc4 Rd6 26. Ne1
Kc6 27. Nd3 Ne2+ 28. Kb1 Rd4 29. Nxb4+ cxb4 30. Bxe2 Rxf4 31. f3 Rd4 32.
Rc1+ Kb6 33. Rc2 Be5 34. Rhc1 Bf4 35. Rc6+ Kb7 36. R1c4 Rhd8 37. R6c5 Rxc4
38. Rxc4 Bd6 39. Rh4 Rd7 40. Kc2 1/2-1/2

[Event "Helmut Kohls It"]
[Site "Dortmund GER"]
[Date "2010.07.17"]
[Round "2"]
[White "Schaefer,Mark"]
[Black "Webb,L"]
[Result "1/2-1/2"]
[WhiteElo "2382"]
[BlackElo "2313"]
[EventDate "2010.07.15"]

1. e4 e5 2. Nf3 Nc6 3. Bc4 Nf6 4. d3 Be7 5. O-O O-O 6. c3 d5 7. exd5 Nxd5
8. Re1 Bg4 9. h3 Bh5 10. Bb3 Nb6 11. Qe2 Kh8 12. Nbd2 f5 13. Nf1 f4 14.
N1h2 Bd6 15. Bd2 Qf6 16. Qe4 Bg6 17. Qe2 Bh5 18. Qe4 Bg6 19. Qe2 Bh5
1/2-1/2

[Event "Helmut Kohls It"]
[Site "Dortmund GER"]
[Date "2010.07.18"]
[Round "3"]
[White "Schmittdiel,E"]
[Black "Schaefer,Mark"]
[Result "1/2-1/2"]
[WhiteElo "2485"]
[BlackElo "2382"]
[EventDate "2010.07.15"]

1. c4 g6 2. Nc3 Bg7 3. g3 e5 4. Bg2 d6 5. e3 Nf6 6. d4 O-O 7. Nge2 c6 8.
O-O Nbd7 9. b3 Re8 10. Ba3 exd4 11. exd4 Nf8 12. d5 c5 13. Qd2 h5 14. h3
N8h7 15. Rae1 a6 16. b4 b6 17. bxc5 bxc5 18. Nc1 Qa5 19. Rxe8+ Nxe8 20. Bb2
Qb4 21. Re1 Bf5 22. Bf1 Ng5 23. Qxg5 Qxb2 24. Nd1 Qb4 25. Re2 Nf6 26. Ne3
Bb1 27. Qf4 Rd8 28. Nd1 Bf5 29. Ne3 Bb1 30. Nd1 Bf5 31. Ne3 1/2-1/2

[Event "Helmut Kohls It"]
[Site "Dortmund GER"]
[Date "2010.07.18"]
[Round "3"]
[White "Mainka,R"]
[Black "Zelbel,P"]
[Result "1/2-1/2"]
[WhiteElo "2484"]
[BlackElo "2345"]
[EventDate "2010.07.15"]

1. e4 e5 2. Nf3 Nc6 3. Bb5 f5 4. Nc3 fxe4 5. Nxe4 Nf6 6. Nxf6+ Qxf6 7. Qe2
Be7 8. Bxc6 dxc6 9. Nxe5 Bf5 10. d3 O-O 11. O-O Rae8 12. f4 Bd6 13. d4 Bxe5
14. dxe5 Qg6 15. Rf2 Rd8 16. Be3 Rd5 17. Re1 Be6 18. Qf1 h5 19. b3 a6 20.
c4 Rdd8 21. Bc5 Rf7 22. Rd1 1/2-1/2

[Event "Helmut Kohls It"]
[Site "Dortmund GER"]
[Date "2010.07.18"]
[Round "3"]
[White "Voicu,C"]
[Black "Kotainy,J"]
[Result "0-1"]
[WhiteElo "2346"]
[BlackElo "2299"]
[EventDate "2010.07.15"]

1. e4 e6 2. d3 c5 3. Nf3 Nc6 4. g3 g6 5. Bg2 Bg7 6. O-O Nge7 7. c3 O-O 8.
Re1 e5 9. Nbd2 d6 10. a4 h6 11. Nc4 Be6 12. Nfd2 Qd7 13. Ne3 f5 14. Nd5 f4
15. Nc4 g5 16. Rb1 Rf7 17. b4 cxb4 18. cxb4 Nd4 19. Bb2 Bxd5 20. exd5 f3
21. Bf1 Nxd5 22. Bxd4 exd4 23. Qb3 Nc3 24. Ra1 d5 25. Nd2 Re8 26. b5 g4 27.
Qb4 Ne2+ 28. Kh1 Qf5 29. Qd6 Qxd3 30. Rad1 Qf5 31. Nb3 Bf8 0-1

[Event "Helmut Kohls It"]
[Site "Dortmund GER"]
[Date "2010.07.18"]
[Round "3"]
[White "Webb,L"]
[Black "Saltaev,M"]
[Result "1/2-1/2"]
[WhiteElo "2313"]
[BlackElo "2495"]
[EventDate "2010.07.15"]

1. e4 c6 2. d4 d5 3. exd5 cxd5 4. c4 Nf6 5. Nc3 Nc6 6. Nf3 Bg4 7. cxd5 Nxd5
8. Qb3 Bxf3 9. gxf3 e6 10. Qxb7 Nxd4 11. Bb5+ Nxb5 12. Qc6+ Ke7 13. Qxb5
Qd7 14. Nxd5+ Qxd5 15. Bg5+ f6 16. Qxd5 exd5 17. Be3 Ke6 18. Rc1 Bb4+ 19.
Ke2 Rhc8 20. Rxc8 Rxc8 21. Rc1 Rxc1 1/2-1/2

[Event "Helmut Kohls It"]
[Site "Dortmund GER"]
[Date "2010.07.19"]
[Round "4"]
[White "Saltaev,M"]
[Black "Klyuner,V"]
[Result "1/2-1/2"]
[WhiteElo "2495"]
[BlackElo "2443"]
[EventDate "2010.07.15"]

1. e4 e5 2. Nf3 Nf6 3. Nxe5 d6 4. Nf3 Nxe4 5. Qe2 Qe7 6. d3 Nf6 7. Bg5
Qxe2+ 8. Bxe2 Be7 9. Nc3 c6 10. O-O-O Na6 11. h3 O-O 12. d4 Nc7 13. Rhe1 h6
14. Bh4 Re8 15. Bd3 Bd7 16. Re2 Ncd5 17. Nxd5 Nxd5 18. Bxe7 Rxe7 19. Rxe7
Nxe7 20. Re1 Re8 21. h4 Nd5 22. Rxe8+ Bxe8 23. g3 1/2-1/2

[Event "Helmut Kohls It"]
[Site "Dortmund GER"]
[Date "2010.07.19"]
[Round "4"]
[White "Webb,L"]
[Black "Schmittdiel,E"]
[Result "0-1"]
[WhiteElo "2313"]
[BlackElo "2485"]
[EventDate "2010.07.15"]

1. e4 c5 2. Nf3 Nc6 3. Bb5 e6 4. Bxc6 bxc6 5. d3 Ne7 6. Qe2 Ng6 7. h4 h5 8.
e5 f6 9. Qe4 Kf7 10. Rh3 Qe8 11. Rg3 Ne7 12. Na3 Nf5 13. Rh3 d5 14. exd6
Nxd6 15. Qa4 e5 16. Rh1 Be6 17. Be3 Qb8 18. O-O-O Qb6 19. Nd2 Be7 20. Nac4
Nxc4 21. Nxc4 Qb5 22. Qa3 e4 23. Rhe1 exd3 24. cxd3 Bxc4 25. dxc4 Qxc4+ 26.
Kb1 Rhd8 27. Qb3 Qxb3 28. axb3 Rxd1+ 29. Rxd1 Rd8 30. Rc1 Rd5 31. Kc2 Bd8
32. Ra1 Bb6 33. Ra4 g5 34. hxg5 fxg5 35. Rc4 Kg6 36. b4 cxb4 37. Rxc6+ Kf5
38. Bxb6 axb6 39. Rxb6 Rd4 40. Rh6 h4 41. f3 Kf4 42. Rg6 Rd5 43. Rb6 Kg3
44. Rxb4 Kxg2 45. f4 h3 46. fxg5 Rxg5 47. Rh4 h2 48. b4 Rg3 49. Rh8 h1=Q
0-1

[Event "Helmut Kohls It"]
[Site "Dortmund GER"]
[Date "2010.07.19"]
[Round "4"]
[White "Kotainy,J"]
[Black "Mainka,R"]
[Result "1/2-1/2"]
[WhiteElo "2299"]
[BlackElo "2484"]
[EventDate "2010.07.15"]

1. e4 Nf6 2. e5 Nd5 3. c4 Nb6 4. d4 d6 5. exd6 exd6 6. Nc3 Be7 7. h3 O-O 8.
Nf3 Bf6 9. Be2 Re8 10. O-O Bf5 11. Bf4 Nc6 12. Rc1 Bg6 13. Re1 Qd7 14. b3
Rad8 15. Qd2 Bh5 16. d5 Ne7 17. a4 Bg6 18. Bd3 Bxd3 19. Qxd3 Ng6 20. Bg3
Nc8 21. Ne4 Be7 22. Neg5 Bxg5 23. Nxg5 Nce7 24. Re2 Qf5 25. Ne4 Qh5 26.
Rce1 f5 27. Nd2 f4 28. Bh2 Ne5 29. Qc3 N7g6 30. Re4 Rf8 31. Qd4 f3 32. Nxf3
Nxf3+ 33. gxf3 Qxh3 34. Bg3 b6 35. R1e3 Rf7 36. Re8+ Rxe8 37. Rxe8+ Rf8 38.
Rxf8+ Kxf8 39. Qe4 Qd7 40. Kg2 Kf7 41. f4 Nf8 42. f3 1/2-1/2

[Event "Helmut Kohls It"]
[Site "Dortmund GER"]
[Date "2010.07.19"]
[Round "4"]
[White "Schaefer,Mark"]
[Black "Voicu,C"]
[Result "1-0"]
[WhiteElo "2382"]
[BlackElo "2346"]
[EventDate "2010.07.15"]

1. e4 c5 2. Nf3 e6 3. d4 cxd4 4. Nxd4 Nf6 5. Nc3 d6 6. Be2 Be7 7. O-O Nc6
8. Be3 O-O 9. f4 e5 10. Nb3 a5 11. a4 Nb4 12. Kh1 Bd7 13. Bf3 Qc7 14. Qd2
b6 15. Rac1 Rfd8 16. Qf2 Rab8 17. Qg3 Bc6 18. fxe5 dxe5 19. Nd4 Rd7 20. Nf5
Bf8 21. Bg5 Ne8 22. Bg4 Kh8 23. Qh3 Nd6 24. Ne3 f6 25. Bxd7 Bxd7 26. Qf3
Kg8 27. Ned5 Nxd5 28. Nxd5 Qc4 29. Bxf6 Nxe4 30. Bxe5 Ng5 31. Qxf8+ 1-0

[Event "Helmut Kohls It"]
[Site "Dortmund GER"]
[Date "2010.07.21"]
[Round "5"]
[White "Schmittdiel,E"]
[Black "Saltaev,M"]
[Result "1/2-1/2"]
[WhiteElo "2485"]
[BlackElo "2495"]
[EventDate "2010.07.15"]

1. e4 c6 2. c4 d5 3. cxd5 cxd5 4. exd5 Nf6 5. Nc3 Nxd5 6. Nf3 Nc6 7. d4 e6
8. Bd3 Bb4 9. Bd2 O-O 10. O-O Be7 11. a3 Nf6 12. Be3 Bd7 13. Qe2 Rc8 14.
Ne5 Qc7 15. f4 Rfd8 16. Rad1 g6 17. Bb1 Be8 18. Ba2 Qa5 19. Qf3 Bf8 20. d5
exd5 21. Nxd5 Nxd5 22. Bxd5 Bg7 23. Nc4 Qc7 24. f5 b5 25. f6 bxc4 26. fxg7
Ne5 27. Qe4 Nd3 28. b3 Nb2 29. Rc1 c3 30. Bd4 Qd7 31. Bb7 Qxd4+ 32. Qxd4
Rxd4 33. Bxc8 Bb5 34. Rxc3 Bxf1 35. Kxf1 Rd3 36. Rc7 a5 37. Bb7 Kxg7 38.
Ke2 Rxb3 39. Rxf7+ Kh6 40. Ba6 Rxa3 41. Rb7 Ra2 42. h4 Na4+ 43. Kf3 Nc5 44.
Ra7 Ra3+ 45. Kg4 Ne4 46. Kf4 Ng3 47. Bc4 Nh5+ 48. Ke5 Re3+ 49. Kd4 Rg3 50.
Bd5 Rg4+ 51. Ke5 Rxh4 52. Rxa5 Rg4 53. Ra7 Rg5+ 54. Kd4 Rg3 55. Rf7 Ng7 56.
Ra7 Nf5+ 57. Ke5 Kg5 58. Bf3 h5 59. Ke4 h4 60. Ra5 Kh6 61. Kf4 Nd4 62. Ra8
Ne6+ 63. Ke3 Ng7 64. Ra5 Nf5+ 65. Kf2 Nd6 66. Ra4 Kg5 67. Ra5+ Kf6 68. Ra6
Ke6 69. Ra4 g5 70. Rg4 Rxg4 71. Bxg4+ Ke5 72. Kf3 Nf5 73. Bh3 Ng3 74. Bc8
Kf6 75. Kg4 Nf1 76. Kf3 Kg6 77. Bd7 Ng3 78. Bc8 Nh5 79. Be6 Kf6 80. Bg4 Ng3
81. Bc8 Nf1 82. Kf2 Nd2 83. Ke3 Nc4+ 84. Kf2 Nd6 85. Bd7 Ke7 86. Bc6 Nf5
87. Kf3 Kf6 88. Bd7 Nd4+ 89. Kg4 Ne2 90. Bb5 Nc3 91. Bc6 Nd1 92. g3 1/2-1/2

[Event "Helmut Kohls It"]
[Site "Dortmund GER"]
[Date "2010.07.21"]
[Round "5"]
[White "Klyuner,V"]
[Black "Zelbel,P"]
[Result "1/2-1/2"]
[WhiteElo "2443"]
[BlackElo "2345"]
[EventDate "2010.07.15"]

1. e4 e5 2. Nf3 Nc6 3. d4 exd4 4. Nxd4 Nf6 5. Nc3 Bb4 6. Nxc6 bxc6 7. Bd3
d6 8. O-O Ng4 9. h3 Ne5 10. Be2 Qh4 11. Na4 g5 12. c3 Ba5 13. f3 Bxh3 14.
Qe1 Bd7 15. Qxh4 gxh4 16. b4 c5 17. bxa5 Bxa4 18. Kf2 f6 19. Rh1 Ng6 20.
Bh6 Ke7 21. f4 Rab8 22. Rab1 Bc2 23. Rxb8 Rxb8 24. f5 Ne5 25. Rxh4 Rb2 26.
Ke3 Nf7 27. Bc4 Ne5 28. Be2 1/2-1/2

[Event "Helmut Kohls It"]
[Site "Dortmund GER"]
[Date "2010.07.21"]
[Round "5"]
[White "Voicu,C"]
[Black "Webb,L"]
[Result "1/2-1/2"]
[WhiteElo "2346"]
[BlackElo "2313"]
[EventDate "2010.07.15"]

1. e4 e6 2. d3 d5 3. Qe2 Nc6 4. Nf3 e5 5. h3 Nf6 6. Bg5 Be6 7. c3 Be7 8.
Qc2 h6 9. Bh4 Nh5 10. Bxe7 Qxe7 11. Nbd2 O-O 12. g3 f5 13. Bg2 Rad8 14. Nh4
Nf4 15. O-O fxe4 16. dxe4 Nxh3+ 17. Bxh3 Bxh3 18. exd5 Bxf1 19. Nxf1 Rxd5
20. Ng6 Qf7 21. Nxf8 Kxf8 22. Re1 Kg8 23. Re4 Rd8 24. b4 a6 25. a4 b5 26.
Ne3 Qf3 27. Rg4 Ne7 28. Qe4 Qxe4 29. Rxe4 Nc6 30. axb5 axb5 31. Ng4 Rd5 32.
c4 Rd4 33. Rxd4 exd4 34. cxb5 Nxb4 35. Ne5 Nd5 36. Nc6 d3 37. Kf1 Nc3 38.
Ke1 Nxb5 39. Kd2 Kf7 40. Kxd3 Ke6 41. Ke4 Nc3+ 42. Kf4 Nd5+ 43. Kg4 Ne7 44.
Nd4+ Kd5 45. Ne2 c5 46. f4 c4 47. Kf3 Nf5 48. Nc1 Kd4 49. g4 Nh4+ 50. Kg3
Ng6 51. f5 Ne5 52. Ne2+ Ke3 53. Nc3 Kd3 54. Nd5 c3 55. Kf4 Nf7 56. f6 g6
57. Nb4+ Kd4 58. Nc2+ Kd5 59. Ne3+ Ke6 60. Kg3 Nd6 61. Kf4 g5+ 62. Kf3 Nb5
63. Ke4 Kxf6 64. Kd3 Ke5 65. Kc4 Ke4 66. Nc2 Nd6+ 67. Kxc3 Kf4 68. Kd4 Kxg4
69. Ke5 Nc4+ 70. Kf6 h5 71. Nb4 Nd2 72. Nd3 Nf3 73. Nf2+ Kf4 74. Kg6 h4 75.
Kh5 Kg3 76. Ne4+ Kg2 77. Nxg5 Kg3 78. Ne4+ Kf4 79. Ng5 Kg3 80. Ne4+ Kg2 81.
Ng5 Kf2 82. Nxf3 h3 83. Kg4 1/2-1/2

[Event "Helmut Kohls It"]
[Site "Dortmund GER"]
[Date "2010.07.21"]
[Round "5"]
[White "Mladenov,Sv"]
[Black "Kotainy,J"]
[Result "0-1"]
[WhiteElo "2463"]
[BlackElo "2299"]
[EventDate "2010.07.15"]

1. e4 e6 2. d4 d5 3. Nc3 Nf6 4. Bg5 Bb4 5. e5 h6 6. Bd2 Bxc3 7. bxc3 Ne4 8.
Qg4 g6 9. Qf4 c5 10. Bd3 Nxd2 11. Qxd2 Nc6 12. Nf3 c4 13. Be2 Qe7 14. h4
Bd7 15. h5 g5 16. Nh2 f5 17. exf6 Qxf6 18. Bg4 O-O-O 19. O-O Rhf8 20. Rae1
Rde8 21. Re3 Kc7 22. Rfe1 Qf4 23. Qe2 Nd8 24. Re5 Nf7 25. g3 Qf6 26. Re3
Nd6 27. Nf3 Nf5 28. Re5 Ng7 29. Qd1 Re7 30. Kg2 Be8 31. Rh1 Ref7 32. Re2
Qe7 33. Ne5 Rf6 34. Qc1 Kb8 35. a4 Qd6 36. a5 Nf5 37. Qb2 Qc7 38. Qb4 Qe7
39. Qb2 Qc7 40. Rb1 Ng7 41. Qb4 Rg8 42. Ree1 Rgf8 43. Re2 Rg8 44. Rb2 Ka8
45. Re1 Bxh5 46. Reb1 Rb8 47. Bxh5 Nxh5 48. Qb6 Rxf2+ 49. Kxf2 axb6 50.
axb6 Rf8+ 51. Kg1 Qd8 52. Ra2+ Kb8 53. Rba1 Qxb6 54. Nd7+ Kc7 55. Nxb6 Kxb6
56. Kg2 Nf6 57. Rb2+ Kc6 58. Rab1 Nd7 59. Rxb7 Ra8 60. R7b2 h5 61. Re1 Kd6
62. Rbb1 Ra2 63. Re2 Ra6 64. Rf1 g4 65. Rf7 Ra3 66. Re3 Ra2 67. Rf2 Ke7 68.
Rfe2 Ra6 69. Kf2 Nf6 70. Re1 Ne4+ 71. Rxe4 dxe4 72. Ke3 Ra3 73. Kd2 Kd6 74.
Rxe4 Ra1 75. Re5 Rh1 76. Re3 Rh2+ 77. Kd1 Rh1+ 78. Kd2 Rh2+ 79. Kd1 h4 80.
gxh4 Rxh4 81. Re4 Rh1+ 82. Kd2 Rh2+ 83. Ke3 g3 84. Kf3 Rxc2 85. Kxg3 Rxc3+
86. Kf2 Rd3 87. Ke2 Kd5 88. Re5+ Kxd4 89. Rxe6 Kc3 90. Re8 Rd7 91. Rc8 Kb3
92. Rc6 c3 93. Rc8 Kb2 94. Rc6 c2 95. Rb6+ Kc1 96. Rh6 Rb7 0-1

[Event "Helmut Kohls It"]
[Site "Dortmund GER"]
[Date "2010.07.21"]
[Round "5"]
[White "Mainka,R"]
[Black "Schaefer,Mark"]
[Result "0-1"]
[WhiteElo "2484"]
[BlackElo "2382"]
[EventDate "2010.07.15"]

1. e4 e6 2. d4 d5 3. Nc3 Nf6 4. Bg5 dxe4 5. Nxe4 Be7 6. Bxf6 Bxf6 7. Nf3
Nd7 8. Qd2 b6 9. Bb5 O-O 10. Bc6 Rb8 11. O-O-O Bb7 12. Qc3 Bxc6 13. Qxc6 b5
14. Ne5 Nb6 15. Qxb5 Bxe5 16. dxe5 Qh4 17. g4 Nd5 18. Qe2 Rb4 19. f3 Rfb8
20. b3 Qe7 21. c4 Nf4 22. Qe3 Rxb3 23. Qxb3 Rxb3 24. axb3 Qa3+ 25. Kc2 Qa2+
26. Kc3 Ne2+ 27. Kb4 h6 28. Rd2 a5+ 29. Kc5 Qxb3 30. Kc6 Nd4+ 31. Kd7 Nxf3
0-1

[Event "Helmut Kohls It"]
[Site "Dortmund GER"]
[Date "2010.07.22"]
[Round "6"]
[White "Saltaev,M"]
[Black "Zelbel,P"]
[Result "1/2-1/2"]
[WhiteElo "2495"]
[BlackElo "2345"]
[EventDate "2010.07.15"]

1. e4 c5 2. Nf3 d6 3. d4 cxd4 4. Nxd4 Nf6 5. Nc3 Bd7 6. Bc4 Nc6 7. O-O g6
8. Re1 Bg7 9. Nb3 O-O 10. Nd5 Rc8 11. Bf1 Nxd5 12. exd5 Ne5 13. a4 e6 14.
c3 exd5 15. Qxd5 Be6 16. Qd1 a6 17. h3 Re8 18. Nd4 Bc4 19. Be2 Bxe2 20.
Rxe2 Nc4 21. Nc2 Rxe2 22. Qxe2 d5 23. Ne3 Na5 24. Bd2 d4 25. cxd4 Nb3 26.
Rd1 Nxd4 27. Qf1 Qe8 28. Nd5 Qe6 29. Nc3 h5 30. Qd3 Qf5 31. Be3 Qxd3 32.
Rxd3 Nf5 33. Bd2 Nd4 34. Be3 Nf5 1/2-1/2

[Event "Helmut Kohls It"]
[Site "Dortmund GER"]
[Date "2010.07.22"]
[Round "6"]
[White "Webb,L"]
[Black "Mainka,R"]
[Result "0-1"]
[WhiteElo "2313"]
[BlackElo "2484"]
[EventDate "2010.07.15"]

1. e4 c5 2. Nf3 e6 3. c3 Nf6 4. Bd3 Nc6 5. Bc2 Qc7 6. O-O d5 7. exd5 Nxd5
8. d4 cxd4 9. Nxd4 Be7 10. Nxc6 bxc6 11. Nd2 O-O 12. Qh5 g6 13. Qh6 Bf6 14.
Nf3 Bg7 15. Qh4 e5 16. Bh6 f6 17. Bxg7 Kxg7 18. Rfe1 Rb8 19. Rab1 Be6 20.
Bb3 Bf5 21. Rbd1 Nf4 22. Qg3 Nh5 23. Qh4 Nf4 24. Qg3 c5 25. Nh4 Bc8 26. c4
g5 27. h3 Rd8 28. Rxd8 Qxd8 29. Nf3 Rb6 30. h4 Nh5 31. Qh2 g4 32. Nxe5 g3
33. fxg3 Qd4+ 34. Kh1 fxe5 35. g4 Nf4 36. Qg3 Qxb2 37. Bd1 Rd6 38. Bf3 Rd2
39. h5 Qd4 40. Qh4 Qd8 41. h6+ Kf7 42. Qxd8 Rxd8 43. Rxe5 Ne6 44. Bd5 Ke7
45. g5 Kd6 46. Rf5 Rf8 47. Be4 Rg8 48. Rd5+ Ke7 49. Bxh7 Rxg5 50. Be4 Rxd5
51. Bxd5 Ng5 52. Kh2 Nf7 53. h7 Nh8 54. Kg3 Kf6 55. Kh4 Bf5 56. Bg8 Kg6 57.
g4 Bd3 58. a3 a5 59. Be6 Kxh7 60. Kg5 Kg7 61. Kf4 Kf6 62. Bd5 Ng6+ 63. Ke3
Ne5 64. Kf4 Nxc4 65. g5+ Kg7 66. Bxc4 Bxc4 67. Ke5 Bg8 0-1

[Event "Helmut Kohls It"]
[Site "Dortmund GER"]
[Date "2010.07.23"]
[Round "7"]
[White "Mladenov,Sv"]
[Black "Webb,L"]
[Result "0-1"]
[WhiteElo "2463"]
[BlackElo "2313"]
[EventDate "2010.07.15"]

1. e4 e6 2. d4 d5 3. Nd2 Nf6 4. e5 Nfd7 5. Ndf3 c5 6. c3 b6 7. Bb5 Ba6 8.
a4 Qc8 9. Ne2 Nc6 10. O-O Bxb5 11. axb5 Ne7 12. Nf4 g6 13. c4 Qb7 14. Qe2
Bg7 15. dxc5 Nxc5 16. cxd5 Nxd5 17. Nxd5 exd5 18. Bg5 O-O 19. Qe3 Rfe8 20.
Bh6 d4 21. Qf4 Ne6 22. Qh4 Qe7 23. Qxe7 Rxe7 24. Bxg7 Kxg7 25. Ra4 Rd8 26.
Rfa1 Rd5 27. Rb4 Rc7 28. g3 d3 29. Rd1 Rcc5 30. b3 Rxb5 31. Rxb5 Rxb5 32.
Rxd3 Nc5 33. Nd4 Rb4 34. Rd1 a5 35. h4 Nxb3 0-1

[Event "Helmut Kohls It"]
[Site "Dortmund GER"]
[Date "2010.07.23"]
[Round "7"]
[White "Voicu,C"]
[Black "Saltaev,M"]
[Result "0-1"]
[WhiteElo "2346"]
[BlackElo "2495"]
[EventDate "2010.07.15"]

1. e4 c6 2. d4 d5 3. Nc3 dxe4 4. Nxe4 Bf5 5. Nc5 Nd7 6. Bd3 Bxd3 7. Nxd3 e6
8. Nf3 Bd6 9. O-O Ne7 10. Qe2 O-O 11. b3 Ng6 12. Bb2 Qa5 13. a4 Qh5 14.
Rfe1 Rad8 15. h3 Rfe8 16. Rad1 Nf4 17. Nxf4 Bxf4 18. Rd3 Nf6 19. c4 a6 20.
Qd1 Bd6 21. Bc3 Qg6 22. Ne5 Bxe5 23. Rxe5 Ne4 24. Ba5 Rd7 25. Qe2 f5 26.
Bb6 h6 27. Re3 Ng5 28. Qc2 Nf7 29. Rg3 Nxe5 30. Rxg6 Nxg6 31. g3 Nf8 32.
Bc5 Nh7 33. h4 Nf6 34. f3 Kf7 35. Kg2 g5 36. hxg5 hxg5 37. b4 Kg6 38. g4
Rh8 39. b5 axb5 40. axb5 cxb5 41. d5 Rc7 42. Bd4 Nxd5 43. gxf5+ exf5 44.
Qd2 Rxc4 45. Bf2 Nf4+ 46. Kg1 Rc1+ 0-1

[Event "Helmut Kohls It"]
[Site "Dortmund GER"]
[Date "2010.07.23"]
[Round "7"]
[White "Klyuner,V"]
[Black "Schaefer,Mark"]
[Result "1-0"]
[WhiteElo "2443"]
[BlackElo "2382"]
[EventDate "2010.07.15"]

1. Nf3 Nf6 2. g3 g6 3. Bg2 Bg7 4. O-O O-O 5. c4 d6 6. Nc3 e5 7. d3 Re8 8.
e4 c6 9. Ne1 Na6 10. h3 Nc7 11. Qb3 b5 12. cxb5 Be6 13. Qa4 cxb5 14. Qa5
Qd7 15. Kh2 d5 16. Nc2 d4 17. Ne2 Qd6 18. Ncxd4 Bd7 19. Nb3 Qxd3 20. Nc3
Qc4 21. Rd1 Ne6 22. Bf1 Qc8 23. Be3 Qb7 24. Rac1 Bc6 25. Bxb5 Bxb5 26. Nxb5
Nxe4 27. Nc7 N4g5 28. Qd5 Qxd5 29. Rxd5 Nxc7 30. Rxc7 Ne6 31. Rxa7 e4 32.
a4 Bxb2 33. Rxa8 Rxa8 34. a5 Bc3 35. Bb6 Rb8 36. Rb5 Nd4 37. Nxd4 Bxd4 38.
Kg2 Bxb6 39. axb6 Kf8 40. g4 Ke7 41. Kg3 Kd6 42. Kf4 Kc6 43. Rb2 f6 44.
Kxe4 Re8+ 45. Kf4 Kb7 46. Rd2 Kc6 47. b7 Kxb7 48. Rd7+ Kc6 49. Rxh7 Kd6 50.
Rg7 Rh8 51. Rxg6 Ke7 52. Kf5 Rxh3 53. Rg7+ Kf8 54. Kg6 Ke8 55. f4 1-0

[Event "Helmut Kohls It"]
[Site "Dortmund GER"]
[Date "2010.07.23"]
[Round "7"]
[White "Zelbel,P"]
[Black "Kotainy,J"]
[Result "1/2-1/2"]
[WhiteElo "2345"]
[BlackElo "2299"]
[EventDate "2010.07.15"]

1. e4 e6 2. d4 d5 3. Nd2 Nf6 4. e5 Nfd7 5. Bd3 c5 6. c3 Nc6 7. Ndf3 cxd4 8.
cxd4 f6 9. exf6 Nxf6 10. Nh3 Bd6 11. O-O O-O 12. Bf4 Bxf4 13. Nxf4 Ne4 14.
Qc1 Ng5 15. Nxg5 Qxg5 16. Ne2 Qf6 17. Qe3 Bd7 18. Bb5 Rac8 19. Bxc6 Rxc6
20. Rac1 Rcc8 21. Rfe1 Qf5 22. f3 Qf6 23. Rxc8 Rxc8 24. Rc1 Rxc1+ 25. Qxc1
h6 26. b3 Bb5 27. Qc8+ Kh7 28. Qc2+ Kg8 29. Qc8+ Kh7 1/2-1/2

[Event "Helmut Kohls It"]
[Site "Dortmund GER"]
[Date "2010.07.24"]
[Round "8"]
[White "Voicu,C"]
[Black "Mainka,R"]
[Result "0-1"]
[WhiteElo "2346"]
[BlackElo "2484"]
[EventDate "2010.07.15"]

1. e4 c5 2. Nf3 e6 3. d4 cxd4 4. Nxd4 a6 5. Nc3 Qc7 6. Bd3 Bc5 7. Nb3 Be7
8. Qg4 g6 9. Qe2 d6 10. Bd2 Nd7 11. f4 b5 12. a4 b4 13. Nd1 a5 14. c3 Ngf6
15. Rc1 Qb8 16. cxb4 axb4 17. Bb5 O-O 18. Nf2 Nc5 19. Nxc5 dxc5 20. e5 Nd5
21. Ne4 Qb6 22. O-O Ba6 23. Qf2 Bxb5 24. axb5 Qxb5 25. f5 exf5 26. Ng5 c4
27. Qh4 Bxg5 28. Bxg5 c3 29. b3 Rfe8 30. Qg3 f4 31. Bxf4 Nxf4 32. Qxf4 Qb7
33. h4 Ra2 34. Rf2 Rxf2 35. Kxf2 Qb6+ 36. Kg3 h5 37. Rf1 Qc7 38. Re1 c2 39.
Kh3 Qc3+ 0-1

[Event "Helmut Kohls It"]
[Site "Dortmund GER"]
[Date "2010.07.24"]
[Round "8"]
[White "Saltaev,M"]
[Black "Kotainy,J"]
[Result "1/2-1/2"]
[WhiteElo "2495"]
[BlackElo "2299"]
[EventDate "2010.07.15"]

1. e4 e6 2. d4 d5 3. Nd2 Nf6 4. e5 Nfd7 5. c3 c5 6. Bd3 Nc6 7. Ngf3 Be7 8.
O-O h5 9. Re1 cxd4 10. cxd4 g5 11. Nb3 g4 12. Nfd2 Qb6 13. Nb1 a5 14. a4
Nxd4 15. Nxd4 Qxd4 16. Nc3 Qb6 17. Bb5 Kf8 18. Bf4 Nc5 19. Be3 Qd8 20. f3
d4 21. Bxd4 Nb3 22. Be3 Nxa1 23. Qxa1 gxf3 1/2-1/2

[Event "Helmut Kohls It"]
[Site "Dortmund GER"]
[Date "2010.07.24"]
[Round "8"]
[White "Schaefer,Mark"]
[Black "Zelbel,P"]
[Result "1/2-1/2"]
[WhiteElo "2382"]
[BlackElo "2345"]
[EventDate "2010.07.15"]

1. e4 c5 2. Nf3 d6 3. d4 cxd4 4. Nxd4 Nf6 5. Nc3 g6 6. Be3 Bg7 7. f3 O-O 8.
Qd2 Nc6 9. O-O-O d5 10. Kb1 Nxd4 11. e5 Nf5 12. exf6 exf6 13. Bf2 Be6 14.
Nxd5 Bh6 15. Qd3 Rc8 16. g4 Bxd5 17. Qxd5 Qc7 18. Qb3 Ne3 19. Bxe3 Bxe3 20.
Bb5 1/2-1/2